| 000 | 00724nam a2200205Ia 4500 | ||
|---|---|---|---|
| 005 | 20260121110310.0 | ||
| 008 | 008 260114s9999 xx 000 0 hin d | ||
| 020 | _a9788132351832 | ||
| 037 | _aEBOOK | ||
| 040 |
_aCRL _bhin _cCRL |
||
| 041 |
_ahin _2hin |
||
| 084 | _qCRL | ||
| 100 |
_aराजेन्द्र प्रसाद / Rajendra Prasad _9944471 |
||
| 245 | 0 | _aकला सौन्दर्य की पाश्चात्य अवधारणा / Kala Saundarya ki Pashchatya Avadharna | |
| 260 |
_bभाषा प्रकाशन / Bhasha Prakashan _c2020 |
||
| 856 | _uhttps://bhashaprakashan.com/product-details/378523 | ||
| 942 | _cEBOOK | ||
| 999 |
_c1536135 _d1536135 |
||